QUEST Central Library Banner

Design the life of Building : (Record no. 13716)

MARC details
000 -LEADER
fixed length control field 01547nam a2200145 a 4500
020 ## - INTERNATIONAL STANDARD BOOK NUMBER
ISBN 1607748819 (paperback)
020 ## - INTERNATIONAL STANDARD BOOK NUMBER
ISBN 9781607748816 (paperback)
100 1# - MAIN ENTRY--AUTHOR NAME
Personal name Insititute of Civil Engineers .
245 10 - TITLE STATEMENT
Title Design the life of Building :
260 ## - PUBLICATION, DISTRIBUTION, ETC. (IMPRINT)
Place of publication [S.l.] :
Name of publisher Ten Speed Press,
Year of publication 2015.
300 ## - PHYSICAL DESCRIPTION
Number of Pages 256 p.
520 ## - SUMMARY, ETC.
Summary, etc A joyful, inspirational guide to building the life you've always dreamed of, using the principles and creative process of an award-winning product designer. οΏ½οΏ½οΏ½οΏ½οΏ½Life, just like a design problem, is full of constraints--time, money, age, location, and circumstances. You cannot have everything, and if you want more out of it, you have to be creative about how to make what you need and what you want co-exist. This requires design thinking.οΏ½ Design the Life You Love οΏ½uses a simple but proven creative thinking and design process to give ordinary people new tools to think about life differently, and also includes fascinating examples from the world of art and design that relate to each step of the process, plus guided creative exercises. Turn constraints into opportunities with optimism and holistic thinking using four simple steps: taking the whole apart, forming a new point of view, putting it back together, and giving it form. The striking design and Ayse Birsel's hand-drawn art and type set off her brilliant, life-changing design process, empowering and inspiring readers to create a better life.
856 40 - ELECTRONIC LOCATION AND ACCESS
Uniform Resource Identifier http://www.amazon.com/exec/obidos/ASIN/1607748819/chopaconline-20
942 ## - ADDED ENTRY ELEMENTS (KOHA)
Koha item type Books
Holdings
Withdrawn status Lost status Home library Current library Date acquired Cost, normal purchase price Full call number Accession Number Koha item type
    Seminar Library, Civil Engg. Seminar Library, Civil Engg. 11/08/2015 561.00 624.171ICE 10586 Books

Copyright Β© 2018,The QUEST, Nawabshah, Shaheed Benazirabad. All rights reserved
Mr. G. Farooq Channar (Librarian) QUEST, Nawabshah, Sindh, Pakistan 67480.
Β Ph#: | Β  0244-9370381-4 Ext. 2308 Β  Email| lib@quest.edu.pk Β  Web| Β http://www.quest.edu.pk